Least Successful NFL Teams of the 1990's - Statistics

General Stats
  • This quiz has been taken 38 times
  • The average score is 7 of 10
Answer Stats
Total Score Worst Season Answer % Correct
-2.25 -1.5 (1999) Cleveland Browns
83%
-1.25 -1.75 (1996) New York Jets
83%
2.25 -1 (1997, 1998) Chicago Bears
81%
-5 -1.25 (1991, 1993, 1994, 1998) Cincinnati Bengals
78%
0.5 -1.75 (1991) Indianapolis Colts
75%
0 -1.25 (1991) Los Angeles Rams/St. Louis Rams
75%
-4 -1 (1991, 1992, 1995, 1997) Phoenix Cardinals/Arizona Cardinals
72%
-1.5 -1.5 (1992) Seattle Seahawks
69%
0.25 -1.25 (1991) Tampa Bay Buccaneers
67%
-0.25 -1.25 (1996, 1999) New Orleans Saints
61%
No matching quizzes found
Score Distribution
Percent of People with Each Score
Percentile by Number Answered
Your Score History
You have not taken this quiz